[Event "Mogi Guacu op"]
[Site "Mogi Guacu"]
[Date "2022.09.24"]
[Round "2"]
[White "De Andrade, Raphael Silva"]
[Black "Lourenco Araujo, Jean Lucas"]
[Result "1-0"]
[WhiteElo "1800"]
[BlackElo "1800"]
[PlyCount "101"]
[EventDate "2022.09.23"]
[EventType "swiss"]
[EventRounds "6"]
[EventCountry "BRA"]
[SourceTitle "EXT 2023"]
[Source "ChessBase"]
[SourceDate "2022.10.05"]
[SourceVersion "1"]
[SourceVersionDate "2022.10.05"]
[SourceQuality "1"]

1. d4 Nf6 2. c4 g6 3. Nc3 Bg7 4. Bg5 d6 5. e3 0-0 6. Nf3 Bg4 7. Rc1 Nbd7 8. h3 Bxf3 9. Qxf3 c6 10. b4 e5 11. d5 c5 12. b5 Qa5 13. e4 Nh5 14. Be7 Rfe8 15. Bg5 f6 16. Bd2 Bh8 17. Bd3 Nf4 18. Bxf4 exf4 19. 0-0 Ne5 20. Qe2 Re7 21. Qd2 Rae8 22. Be2 Qb4 23. Rb1 Qa5 24. Rfc1 f3 25. gxf3 Nf7 26. Bf1 Qc7 27. Ne2 Qd7 28. h4 Bg7 29. Rc2 Ne5 30. Bg2 f5 31. Qg5 Nf7 32. Qg3 b6 33. Nc3 Ne5 34. Ne2 Nd3 35. Bh3 Qc7 36. Nc3 f4 37. Qh2 Be5 38. Be6+ Kh8 39. a3 Nxf2 40. Ne2 Nd3 41. Rd1 Nf2 42. Kxf2 Qd8 43. Rg1 Bf6 44. Qxf4 Rg7 45. Qg4 Bxh4+ 46. Ke3 Bg5+ 47. Qxg5 Qxg5+ 48. Rxg5 h6 49. Rg1 g5 50. Ng3 Rg6 51. Bf7 1-0